00444nam a22001577a 450000500170000001000150001702000260003203500140005803700130007208200080008524500510009326000350014427000790017930000220025850000060028020200131123505.0 aENG-127587 a9789388322959c250.00 aEN-111119 bDBAD/PUB a000 aHachette Children's Yearbook & Infopedia 2020/ aGurugrambHachette Indiac2019 bGurugrama4th & 5th floor , corporate centre, plot no-94,sector-44e122003 a236p.b22 cm(pbk) a